| 000 | 01209nam a22003497a 4500 | ||
|---|---|---|---|
| 001 | 000638 | ||
| 003 | DO-SdBPM | ||
| 005 | 20260312122208.0 | ||
| 007 | 000638 | ||
| 008 | 161107b 2011 ag a ||||| |||| 00| 0 spa d | ||
| 020 | _a9789870412663 | ||
| 040 |
_aDO-SdBPM _bspa _cBPMSU _erda |
||
| 082 | 0 | 4 |
_aA863.44 _bB619j 2011 _222 |
| 100 | 1 |
_aBirmajer; Marcelo, _d1966- _4aut. _eautor |
|
| 245 | 1 | 0 |
_aJuicio al Ratón Pérez / _cMarcelo Birmajer ; ilustraciones de Pez. |
| 260 |
_bAlfaguara, _c2011. _g(3a. reimpresión, 2011) |
||
| 264 |
_aBuenos Aires, Argentina : _bAfaguara, _c2011 |
||
| 300 |
_a113 páginas : _bilustraciones ; _c20 cm. |
||
| 336 |
_atexto _btxt _2rdacontent |
||
| 337 |
_asin mediación _bn _2rdamedia |
||
| 338 |
_avolumen _bnc _2rdacarrier |
||
| 490 | 0 | _aAlfaguara Juvenil | |
| 500 | _aIncluye datos biográficos del autor.. | ||
| 500 | _aPara niños desde 10 años | ||
| 590 | _aInventariado, 2026/VM | ||
| 650 | 7 | _aCuentos infantiles argentinos | |
| 650 | 7 |
_aInvestigación _vCuentos infantiles |
|
| 650 | 7 | _aLiteratura infantil argentina | |
| 700 | 1 | 2 |
_aPez, Alberto, _eilustraciones |
| 910 | _aVMateo V. Control de calidad BPMSU | ||
| 942 |
_2ddc _cBK |
||
| 999 |
_c11803 _d11803 |
||